| 000 | 01383nam a2200313Ii 4500 | ||
|---|---|---|---|
| 008 | 221202s xx 000 0 und d | ||
| 245 | 0 | _aRoutledge Handbook of the Digital Environmental Humanities | |
| 264 |
_bTaylor & Francis _c2023 |
||
| 300 | _a1 online resource (556 pages) | ||
| 336 |
_atext _btxt _2rdacontent |
||
| 337 |
_acomputer _bc _2rdamedia |
||
| 338 |
_aonline resource _bcr _2rdacarrier |
||
| 490 | _aRoutledge Environment and Sustainability Handbooks | ||
| 520 | _aCartography, Computing, Digital environmental humanities, Digital methods, Digital tools, Environment and sustainability, Environmental humanities, Environmental literature, Human geography, Indigenous, Informatics, Nature, Virtual spaces | ||
| 653 | _aCartography, Computing, Digital Environmental Humanities, Digital Methods, Digital Tools, Environment And Sustainability, Environmental Humanities, Environmental Literature, Human Geography, Indigenous, Informatics, Nature, Virtual Spaces | ||
| 700 | 1 | _a0000-0002-2846-8241 | |
| 700 | 1 | _a0000-0003-2370-7685 | |
| 700 | 1 | _a0000-0003-3633-9164 | |
| 700 | 1 | _a600 | |
| 700 | 1 | _a600 | |
| 700 | 1 | _a600 | |
| 700 | 1 | _aBergmann, Luke | |
| 700 | 1 | _aCrampsie, Arlene | |
| 700 | 1 | _aDixon, Deborah P. | |
| 700 | 1 | _aLegg, Robert | |
| 700 | 1 | _aTravis, Charles | |
| 856 | _uhttps://library.oapen.org/handle/20.500.12657/57645 | ||
| 942 | _cE-BOOK | ||
| 999 |
_c65346 _d65346 |
||